00356nam a2200133Ia 4500008004100000020001500041041001200056082001100068100001500079245006100094260004400155300000800199650001500207221030s9999 xx 000 0 und d a8131406342 aEnglish a105.23 aR. K. Jain 0aInternet Search Engines : An Introductioncby R. K. Jain bICFAI University PressaHyderabadc2007 a229 aManagement